000 00351nam a2200133Ia 4500
008 220405s9999||||xx |||||||||||||| ||und||
082 _a894.8143
100 _aTa.Ra.Su
245 0 _aHoishaleswara vishnuvardhana
260 _aHemanth prakashana
_bBangalore
_c2014
300 _a157p.
_bRs.75
650 _aGENERAL BOOKS
942 _cSpecial Collection
999 _c189638
_d189638